Walk of Fame Stars (Sudden Death) - Statistiken

Allgemein
  • Dieses Quiz wurde 88 mal gespielt
  • Das Durchschnittsergebnis liegt bei 2 aus 14
Answers on the Grid
Answers color-coded by a green-red scale on the quiz's grid according to % correct below.
Orlando Bloom
Taylor Swift
Bugs Bunny
Alec Baldwin
Louis Armstrong
Britney Spears
Paris Hilton
Judy Garland
Madonna
Brad Pitt
Heidi Klum
Walt Disney
Pierce Brosnan
Marilyn Monroe
Angelina Jolie
Clint Eastwood
Snoopy
Whitney Houston
Morgan Freeman
Robert De Niro
Billie Eilish
Bud Spencer
Will Smith
Beyoncé
Christopher Walken
Christina Aguilera
Alvin & The Chipmunks
Naomi Campbell
Simon Cowell
Ariana Grande
 
Antwortstatistiken
Antwort % Korrekt
Orlando Bloom
44%
Marilyn Monroe
34%
Walt Disney
29%
Bugs Bunny
27%
Louis Armstrong
24%
Britney Spears
22%
Alec Baldwin
17%
Judy Garland
15%
Morgan Freeman
10%
Pierce Brosnan
10%
Alvin & The Chipmunks
5%
Snoopy
5%
Christina Aguilera
2%
Simon Cowell
2%
Keine übereinstimmenden Quizze gefunden
Verteilung der Resultate
Anzahl Personen mit jedem Resultat
Perzentil nach korrekt beantworteten Fragen
Ihre Resultats-Entwicklung
Sie haben dieses Quiz noch nicht gespielt